[Event "RM-2019-0-00188"]
[Site "LSS email"]
[Date "2019.10.15"]
[Round "?"]
[White "Pascual Perez, Norge"]
[Black "Leoni, Rodolfo"]
[Result "1-0"]
[WhiteElo "2445"]
[BlackElo "2305"]
[PlyCount "29"]
[EventDate "2018.11.09"]
[EventType "tourn (corr)"]
[EventRounds "6"]
[EventCountry "GER"]
[SourceTitle "Corr 2022"]
[Source "ChessBase"]
[SourceDate "2021.10.24"]
[SourceVersion "1"]
[SourceVersionDate "2021.10.24"]
[SourceQuality "1"]

1. d4 Nf6 2. c4 e6 3. Nc3 Bb4 4. f3 c5 5. d5 0-0 6. e4 b5 7. Nh3 bxc4 8. Bxc4 exd5 9. Bxd5 Nxd5 10. Qxd5 Ba6 11. Bf4 Nc6 12. Kf2 Ba5 13. Rhd1 c4 14. Qh5 Qb6+ 15. Kg3 1-0

[Event "RM-2019-0-00188"]
[Site "LSS email"]
[Date "2019.09.01"]
[Round "?"]
[White "Leoni, Rodolfo"]
[Black "Wosch, Arkadiusz Janusz"]
[Result "1/2-1/2"]
[WhiteElo "2305"]
[BlackElo "2401"]
[PlyCount "67"]
[EventDate "2018.11.09"]
[EventType "tourn (corr)"]
[EventRounds "6"]
[EventCountry "GER"]
[SourceTitle "Corr 2022"]
[Source "ChessBase"]
[SourceDate "2021.10.24"]
[SourceVersion "1"]
[SourceVersionDate "2021.10.24"]
[SourceQuality "1"]

1. e4 c5 2. Nf3 Nc6 3. d4 cxd4 4. Nxd4 Nf6 5. Nc3 d6 6. Bg5 e6 7. Qd2 Be7 8. 0-0-0 0-0 9. f4 Nxd4 10. Qxd4 Qa5 11. e5 dxe5 12. Qxe5 Qxe5 13. fxe5 Nd5 14. Bxe7 Nxe7 15. Bc4 b6 16. Rhe1 Ng6 17. g3 Bb7 18. Bd3 Bc6 19. a4 Rfd8 20. b3 Kf8 21. Rd2 Ne7 22. Nb5 a6 23. Nd6 Nc8 24. Nxc8 Rdxc8 25. Rf1 g6 26. Be2 h5 27. Rd6 b5 28. a5 Be4 29. Bf3 Bxf3 30. Rxf3 Ke7 31. b4 g5 32. Kd2 Rc4 33. c3 Re4 34. Rb6 1/2-1/2

[Event "RM-2019-0-00188"]
[Site "LSS email"]
[Date "2019.08.30"]
[Round "?"]
[White "Martin, Angel"]
[Black "Leoni, Rodolfo"]
[Result "1-0"]
[WhiteElo "2405"]
[BlackElo "2305"]
[PlyCount "73"]
[EventDate "2018.11.09"]
[EventType "tourn (corr)"]
[EventRounds "6"]
[EventCountry "GER"]
[SourceTitle "Corr 2022"]
[Source "ChessBase"]
[SourceDate "2021.10.24"]
[SourceVersion "1"]
[SourceVersionDate "2021.10.24"]
[SourceQuality "1"]

1. e4 c5 2. Nf3 d6 3. d4 cxd4 4. Nxd4 Nf6 5. Nc3 a6 6. Bc4 e6 7. Bb3 Nbd7 8. Bg5 Nc5 9. f4 Be7 10. Qf3 h6 11. Bh4 Qc7 12. 0-0 0-0 13. Rae1 b5 14. e5 dxe5 15. fxe5 Bb7 16. exf6 Bxf3 17. fxe7 Rfe8 18. Rxf3 Qa7 19. Bf2 Nxb3 20. axb3 Qxe7 21. Ne4 Rec8 22. Bg3 b4 23. c4 bxc3 24. bxc3 a5 25. Bd6 Qa7 26. Be5 Kh7 27. Nd6 Rf8 28. Bg3 Qe7 29. c4 a4 30. bxa4 Ra6 31. Kh1 Rxa4 32. h3 Ra2 33. c5 Rd2 34. Bf2 Ra2 35. Kg1 Kg8 36. Nc6 Qc7 37. Ne5 1-0

[Event "SM-2019-0-00405"]
[Site "LSS email"]
[Date "2019.02.16"]
[Round "?"]
[White "Leoni, Rodolfo"]
[Black "Janisch, Manfred"]
[Result "1/2-1/2"]
[WhiteElo "2305"]
[BlackElo "2369"]
[PlyCount "36"]
[EventDate "2018.11.20"]
[EventType "tourn (corr)"]
[EventRounds "6"]
[EventCountry "GER"]
[SourceTitle "Corr 2022"]
[Source "ChessBase"]
[SourceDate "2021.10.24"]
[SourceVersion "1"]
[SourceVersionDate "2021.10.24"]
[SourceQuality "1"]

1. e4 c5 2. Nf3 d6 3. d4 cxd4 4. Nxd4 Nf6 5. Nc3 a6 6. Bg5 e6 7. f4 h6 8. Bh4 Qb6 9. a3 Be7 10. Bf2 Qc7 11. Qf3 b5 12. g4 Nbd7 13. 0-0-0 g5 14. h4 gxf4 15. g5 Ne5 16. Qxf4 Nfg4 17. gxh6 Nxf2 18. Qxf2 Rxh6 1/2-1/2

[Event "CP-2018-Q-00002"]
[Site "LSS email"]
[Date "2018.11.28"]
[Round "?"]
[White "Van Hooff, Ruud"]
[Black "Leoni, Rodolfo"]
[Result "1/2-1/2"]
[WhiteElo "2282"]
[BlackElo "2304"]
[PlyCount "33"]
[EventDate "2018.12.01"]
[EventType "tourn (corr)"]
[EventRounds "6"]
[EventCountry "GER"]
[SourceTitle "Corr 2022"]
[Source "ChessBase"]
[SourceDate "2021.10.24"]
[SourceVersion "1"]
[SourceVersionDate "2021.10.24"]
[SourceQuality "1"]

1. d4 Nf6 2. Nf3 e6 3. Bf4 b6 4. e3 Bb7 5. Bd3 Be7 6. h3 0-0 7. Nbd2 c5 8. 0-0 d5 9. c3 Bd6 10. Qe2 Qc7 11. Bxd6 Qxd6 12. e4 dxe4 13. Nxe4 Nxe4 14. Bxe4 Bxe4 15. Qxe4 Nd7 16. Rad1 Qc7 17. Ne5 1/2-1/2

[Event "OP-2018-0-04680"]
[Site "LSS email"]
[Date "2018.11.27"]
[Round "?"]
[White "Leoni, Rodolfo"]
[Black "Dolzycki, Janusz"]
[Result "1-0"]
[WhiteElo "2305"]
[BlackElo "800"]
[PlyCount "29"]
[EventDate "2018.11.22"]
[EventType "tourn (corr)"]
[EventRounds "4"]
[EventCountry "GER"]
[SourceTitle "Corr 2022"]
[Source "ChessBase"]
[SourceDate "2021.10.24"]
[SourceVersion "1"]
[SourceVersionDate "2021.10.24"]
[SourceQuality "1"]

1. e4 e5 2. Nf3 Nc6 3. Bb5 Nb4 4. 0-0 Nf6 5. d4 exd4 6. e5 Nfd5 7. Nxd4 f6 8. Re1 c5 9. exf6+ Kf7 10. fxg7 Bxg7 11. Qh5+ Kf8 12. Bg5 Bf6 13. Bh6+ Kg8 14. Re8+ Qxe8 15. Qxe8# 1-0

[Event "OP-2018-0-04680"]
[Site "LSS email"]
[Date "2018.11.27"]
[Round "?"]
[White "Leoni, Rodolfo"]
[Black "Janisch, Manfred"]
[Result "1/2-1/2"]
[WhiteElo "2305"]
[BlackElo "2369"]
[PlyCount "60"]
[EventDate "2018.11.22"]
[EventType "tourn (corr)"]
[EventRounds "4"]
[EventCountry "GER"]
[SourceTitle "Corr 2022"]
[Source "ChessBase"]
[SourceDate "2021.10.24"]
[SourceVersion "1"]
[SourceVersionDate "2021.10.24"]
[SourceQuality "1"]

1. e4 c5 2. Nf3 d6 3. d4 cxd4 4. Nxd4 Nf6 5. Nc3 a6 6. h3 e5 7. Nde2 h5 8. Be3 Nbd7 9. a4 Qa5 10. Bd2 Qb6 11. f3 Nc5 12. a5 Qd8 13. b4 Ne6 14. Be3 Be7 15. Bb6 Nc7 16. Nd5 Nfxd5 17. exd5 Bd7 18. c4 Rc8 19. Nc3 f5 20. Kd2 h4 21. Kc2 Bg5 22. Bd3 Bf4 23. Kb3 Qg5 24. Ra2 0-0 25. Qe1 Ne8 26. Bf2 Bg3 27. Bxg3 Qxg3 28. Qxg3 hxg3 29. Ne2 f4 30. Nc3 Nf6 1/2-1/2

[Event "SM-2018-0-00394"]
[Site "LSS email"]
[Date "2018.06.02"]
[Round "?"]
[White "Leoni, Rodolfo"]
[Black "Wosch, Arkadiusz Janusz"]
[Result "1-0"]
[WhiteElo "2267"]
[BlackElo "2371"]
[PlyCount "109"]
[EventDate "2018.02.24"]
[EventType "tourn (corr)"]
[EventRounds "6"]
[EventCountry "GER"]
[SourceTitle "Corr 2022"]
[Source "ChessBase"]
[SourceDate "2021.10.24"]
[SourceVersion "1"]
[SourceVersionDate "2021.10.24"]
[SourceQuality "1"]

1. e4 c5 2. Nf3 Nc6 3. d4 cxd4 4. Nxd4 Nf6 5. Nc3 d6 6. Bg5 e6 7. Qd2 a6 8. 0-0-0 h6 9. Nxc6 bxc6 10. Bf4 d5 11. Qe3 Bb4 12. Be2 0-0 13. e5 Nh7 14. Ne4 Be7 15. Kb1 c5 16. Nxc5 Qc7 17. Nb3 a5 18. Nd4 Ba6 19. Bxa6 Rxa6 20. Qe2 Rb6 21. Nb5 Qb8 22. a4 Rc8 23. Rd4 Nf8 24. Rhd1 Rb7 25. Bc1 Nd7 26. f4 Bc5 27. R4d3 Bf8 28. Rg3 Rc4 29. b3 Re4 30. Be3 Bc5 31. Qf2 Bxe3 32. Rxe3 Rb4 33. Rc3 Nb6 34. Kc1 Nxa4 35. bxa4 Rxa4 36. Nd6 Rb1+ 37. Kd2 Rxd1+ 38. Kxd1 Qb2 39. Qd2 Qa1+ 40. Ke2 Qh1 41. Kf3 Qxh2 42. Rc8+ Kh7 43. c3 Qh5+ 44. Ke3 Qg6 45. c4 dxc4 46. Nxc4 Ra1 47. Qd3 Qxd3+ 48. Kxd3 g5 49. fxg5 hxg5 50. Ne3 Kg7 51. Rc2 a4 52. Kc3 Ra3+ 53. Kd4 Ra1 54. Nc4 a3 55. Kc3 1-0

[Event "SM-2018-0-00394"]
[Site "LSS email"]
[Date "2018.06.01"]
[Round "?"]
[White "Szabo, Mihaly"]
[Black "Leoni, Rodolfo"]
[Result "1/2-1/2"]
[WhiteElo "2398"]
[BlackElo "2267"]
[PlyCount "84"]
[EventDate "2018.02.24"]
[EventType "tourn (corr)"]
[EventRounds "6"]
[EventCountry "GER"]
[SourceTitle "Corr 2022"]
[Source "ChessBase"]
[SourceDate "2021.10.24"]
[SourceVersion "1"]
[SourceVersionDate "2021.10.24"]
[SourceQuality "1"]

1. e4 c5 2. Nf3 d6 3. d4 cxd4 4. Nxd4 Nf6 5. Nc3 a6 6. Be3 e5 7. Nb3 Be6 8. f3 Be7 9. Qd2 Nbd7 10. g4 0-0 11. g5 Nh5 12. 0-0-0 b5 13. Kb1 Nb6 14. Nd5 Nxd5 15. exd5 Bf5 16. Na5 f6 17. h4 Ng3 18. Nc6 Qd7 19. Rh2 fxg5 20. hxg5 Nxf1 21. Rxf1 Rae8 22. Rhf2 Bd8 23. b3 Bg6 24. Re1 Rf5 25. Kb2 Bf7 26. Ref1 Bh5 27. a3 Bf7 28. Ra1 Qb7 29. a4 Bb6 30. axb5 axb5 31. Bxb6 Qxb6 32. Rff1 Qc5 33. Ra7 Bh5 34. Qd3 Rf4 35. Rc7 Kh8 36. Rh1 Rxf3 37. Nxe5 Qxc7 38. Nxf3 Qf7 39. Nd4 Bg6 40. Qf3 Qxf3 41. Nxf3 Bf7 42. Rd1 Bh5 1/2-1/2

[Event "SM-2018-0-00394"]
[Site "LSS email"]
[Date "2018.05.29"]
[Round "?"]
[White "Leoni, Rodolfo"]
[Black "Mueller Alves, Martin"]
[Result "1/2-1/2"]
[WhiteElo "2267"]
[BlackElo "2441"]
[PlyCount "45"]
[EventDate "2018.02.24"]
[EventType "tourn (corr)"]
[EventRounds "6"]
[EventCountry "GER"]
[SourceTitle "Corr 2022"]
[Source "ChessBase"]
[SourceDate "2021.10.24"]
[SourceVersion "1"]
[SourceVersionDate "2021.10.24"]
[SourceQuality "1"]

1. e4 c5 2. Nf3 d6 3. d4 cxd4 4. Nxd4 Nf6 5. Nc3 a6 6. h3 e5 7. Nde2 h5 8. Be3 Nbd7 9. Nc1 Nb6 10. Nb3 Be6 11. Bd3 d5 12. exd5 Nbxd5 13. Bd2 Nxc3 14. Bxc3 Qd5 15. f3 e4 16. Bxe4 Nxe4 17. Qxd5 Bxd5 18. fxe4 Bxe4 19. 0-0-0 Be7 20. Rhe1 f5 21. Nd2 Bg5 22. Kb1 Bxd2 23. Rxd2 1/2-1/2

[Event "RA-2018-0-00569"]
[Site "LSS email"]
[Date "2018.03.11"]
[Round "?"]
[White "Misericordia, Antonio"]
[Black "Leoni, Rodolfo"]
[Result "1/2-1/2"]
[WhiteElo "2373"]
[BlackElo "2269"]
[PlyCount "62"]
[EventDate "2018.02.13"]
[EventType "tourn (corr)"]
[EventRounds "6"]
[EventCountry "GER"]
[SourceTitle "Corr 2022"]
[Source "ChessBase"]
[SourceDate "2021.10.24"]
[SourceVersion "1"]
[SourceVersionDate "2021.10.24"]
[SourceQuality "1"]

1. c4 e5 2. Nc3 Nf6 3. Nf3 Nc6 4. g3 d5 5. cxd5 Nxd5 6. Bg2 Nb6 7. 0-0 Be7 8. d3 0-0 9. Be3 Be6 10. d4 exd4 11. Nxd4 Nxd4 12. Bxd4 c6 13. b3 Bb4 14. Ne4 Qe7 15. Qc2 Bd5 16. Bc5 Bxc5 17. Nxc5 Bxg2 18. Kxg2 Nd5 19. e4 Nb4 20. Qc3 a5 21. f3 Rfd8 22. a3 Na6 23. Nxa6 Rxa6 24. Rad1 Raa8 25. Rxd8+ Qxd8 26. a4 h6 27. Re1 Qc7 28. e5 Rd8 29. e6 Re8 30. Qc4 fxe6 31. Rxe6 Rxe6 1/2-1/2

[Event "SM-2018-0-00394"]
[Site "LSS email"]
[Date "2018.02.26"]
[Round "?"]
[White "Zielinski, Sergej"]
[Black "Leoni, Rodolfo"]
[Result "1/2-1/2"]
[WhiteElo "2273"]
[BlackElo "2267"]
[PlyCount "60"]
[EventDate "2018.02.24"]
[EventType "tourn (corr)"]
[EventRounds "6"]
[EventCountry "GER"]
[SourceTitle "Corr 2022"]
[Source "ChessBase"]
[SourceDate "2021.10.24"]
[SourceVersion "1"]
[SourceVersionDate "2021.10.24"]
[SourceQuality "1"]

1. c4 e5 2. Nc3 Nf6 3. Nf3 Nc6 4. g3 d5 5. cxd5 Nxd5 6. Bg2 Nb6 7. 0-0 Be7 8. d3 0-0 9. a3 Be6 10. b4 a5 11. b5 Nd4 12. Nd2 c6 13. bxc6 Nxc6 14. Rb1 a4 15. Re1 Qc7 16. Nb5 Qc8 17. Qc2 Qd7 18. Nc4 Nxc4 19. dxc4 Rfc8 20. Qd3 Na5 21. Qxd7 Bxd7 22. Bd5 Bf8 23. Be3 Bf5 24. Na7 Rc7 25. Bb6 Bxb1 26. Bxc7 Ba2 27. Bxa5 Rxa7 28. Bb6 Ra6 29. Be3 Rd6 30. Bxb7 Bxc4 1/2-1/2

[Event "ZH-2017-0-01644"]
[Site "LSS email"]
[Date "2017.12.28"]
[Round "?"]
[White "Pineda, Ulises"]
[Black "Leoni, Rodolfo"]
[Result "1/2-1/2"]
[WhiteElo "2185"]
[BlackElo "2250"]
[PlyCount "37"]
[EventDate "2017.12.22"]
[EventType "match (corr)"]
[EventRounds "2"]
[EventCountry "GER"]
[SourceTitle "Corr 2022"]
[Source "ChessBase"]
[SourceDate "2021.10.24"]
[SourceVersion "1"]
[SourceVersionDate "2021.10.24"]
[SourceQuality "1"]

1. e4 c5 2. Nf3 d6 3. d4 cxd4 4. Nxd4 Nf6 5. Nc3 a6 6. Be3 e5 7. Nb3 Be6 8. f3 Be7 9. Qd2 0-0 10. 0-0-0 Nbd7 11. g4 b5 12. g5 Nh5 13. Nd5 Bxd5 14. exd5 f6 15. g6 hxg6 16. Na5 Qe8 17. Rg1 Kh7 18. Nc6 f5 19. c4 1/2-1/2

[Event "ZH-2017-0-01643"]
[Site "LSS email"]
[Date "2017.12.28"]
[Round "?"]
[White "Tylecek, Drahomir"]
[Black "Leoni, Rodolfo"]
[Result "1/2-1/2"]
[WhiteElo "2240"]
[BlackElo "2245"]
[PlyCount "89"]
[EventDate "2017.12.09"]
[EventType "match (corr)"]
[EventRounds "2"]
[EventCountry "GER"]
[SourceTitle "Corr 2022"]
[Source "ChessBase"]
[SourceDate "2021.10.24"]
[SourceVersion "1"]
[SourceVersionDate "2021.10.24"]
[SourceQuality "1"]

1. e4 c5 2. Nf3 d6 3. d4 cxd4 4. Nxd4 Nf6 5. Nc3 a6 6. Bg5 Nbd7 7. f4 Qb6 8. Qd2 e5 9. Nf5 Qxb2 10. Rb1 Qa3 11. Be2 h6 12. Bh4 Qc5 13. fxe5 dxe5 14. Rd1 g5 15. Bf2 Qc6 16. a3 Bxa3 17. Nd5 Nxd5 18. exd5 Qg6 19. g4 h5 20. Bd3 hxg4 21. 0-0 Nc5 22. Rde1 Nxd3 23. Qxd3 Bxf5 24. Rxe5+ Be7 25. Rxf5 0-0 26. Bd4 Rae8 27. Qg3 Qh6 28. Qxg4 f6 29. c4 Bd6 30. h3 Qh4 31. Bxf6 Kh7 32. Rxg5 Qxg4+ 33. Rxg4 Rg8 34. Bg5 Rgf8 35. Rxf8 Bxf8 36. Kf2 b5 37. Bf6 bxc4 38. Rxc4 Kg6 39. Rc6 Kf7 40. Kf3 a5 41. Ra6 Bc5 42. Bg5 Re5 43. Rxa5 Rxd5 44. Be3 Rh5 45. Rxc5 1/2-1/2

[Event "RA-2017-0-00552"]
[Site "LSS email"]
[Date "2017.11.21"]
[Round "?"]
[White "Johnson, Heinrich"]
[Black "Leoni, Rodolfo"]
[Result "0-1"]
[WhiteElo "2191"]
[BlackElo "2205"]
[PlyCount "96"]
[EventDate "2017.11.01"]
[EventType "tourn (corr)"]
[EventRounds "6"]
[EventCountry "GER"]
[SourceTitle "Corr 2022"]
[Source "ChessBase"]
[SourceDate "2021.10.24"]
[SourceVersion "1"]
[SourceVersionDate "2021.10.24"]
[SourceQuality "1"]

1. e4 c5 2. Nf3 d6 3. d4 cxd4 4. Nxd4 Nf6 5. Nc3 a6 6. f3 e5 7. Nb3 Be6 8. Be3 Be7 9. Qd2 0-0 10. 0-0-0 Nbd7 11. g4 b5 12. g5 Nh5 13. Nd5 Bxd5 14. exd5 f6 15. gxf6 Bxf6 16. Na5 Qe8 17. Bh3 Kh8 18. Rhg1 Nf4 19. Bxf4 exf4 20. Kb1 Nc5 21. Rge1 Qg6 22. Nc6 a5 23. Rg1 Qh6 24. Bf1 b4 25. Rg4 g5 26. h4 gxh4 27. Bh3 Bg7 28. Qf2 Qf6 29. Nd4 Rae8 30. Rxh4 Re5 31. Be6 Rg5 32. Rh2 Qg6 33. Qd2 h6 34. Re2 Qf6 35. Kc1 Rb8 36. Qe1 a4 37. Bh3 Kh7 38. Re8 Rb7 39. Rc8 h5 40. Rxc5 Re5 41. Bf5+ Kh6 42. Qd2 dxc5 43. Qxf4+ Qg5 44. Qxg5+ Kxg5 45. Bc8 Rb8 46. Ne6+ Kf6 47. Ba6 Bh6+ 48. Kb1 Rg8 0-1

[Event "RA-2017-0-00552"]
[Site "LSS email"]
[Date "2017.11.21"]
[Round "?"]
[White "Willmann, Bernd"]
[Black "Leoni, Rodolfo"]
[Result "1/2-1/2"]
[WhiteElo "2278"]
[BlackElo "2205"]
[PlyCount "66"]
[EventDate "2017.11.01"]
[EventType "tourn (corr)"]
[EventRounds "6"]
[EventCountry "GER"]
[SourceTitle "Corr 2022"]
[Source "ChessBase"]
[SourceDate "2021.10.24"]
[SourceVersion "1"]
[SourceVersionDate "2021.10.24"]
[SourceQuality "1"]

1. e4 c5 2. Nf3 d6 3. d4 cxd4 4. Nxd4 Nf6 5. Nc3 a6 6. Be3 e5 7. Nb3 Be6 8. f3 Be7 9. Qd2 0-0 10. 0-0-0 Nbd7 11. g4 b5 12. g5 Nh5 13. Nd5 Bxd5 14. exd5 f6 15. g6 hxg6 16. Na5 Qe8 17. Nc6 f5 18. Rg1 Kh7 19. c4 bxc4 20. Bxc4 Bd8 21. Qb4 e4 22. f4 Nc5 23. Qd2 Bb6 24. Qf2 a5 25. Kb1 a4 26. a3 Nd3 27. Rxd3 exd3 28. Bxb6 Qe4 29. Bd4 Rfe8 30. Ka2 Nxf4 31. Rf1 Ne2 32. Rd1 Nf4 33. Rf1 Ne2 1/2-1/2

[Event "RA-2017-0-00549"]
[Site "LSS email"]
[Date "2017.11.06"]
[Round "?"]
[White "Borisovs, Leonids"]
[Black "Leoni, Rodolfo"]
[Result "1/2-1/2"]
[WhiteElo "2147"]
[BlackElo "2181"]
[PlyCount "72"]
[EventDate "2017.10.19"]
[EventType "tourn (corr)"]
[EventRounds "6"]
[EventCountry "GER"]
[SourceTitle "Corr 2022"]
[Source "ChessBase"]
[SourceDate "2021.10.24"]
[SourceVersion "1"]
[SourceVersionDate "2021.10.24"]
[SourceQuality "1"]

1. e4 c5 2. Nf3 d6 3. d4 cxd4 4. Nxd4 Nf6 5. Nc3 a6 6. Be3 e5 7. Nb3 Be6 8. f3 Be7 9. Qd2 0-0 10. 0-0-0 Nbd7 11. g4 b5 12. g5 Nh5 13. Nd5 Bxd5 14. exd5 f6 15. gxf6 Bxf6 16. Kb1 Nb6 17. Na5 Qc7 18. Rc1 Bd8 19. c4 Nxc4 20. Nxc4 bxc4 21. Rxc4 Qd7 22. Rg1 Rb8 23. Rc6 a5 24. Bd3 Rxf3 25. Be2 Rf6 26. Bg4 Qe8 27. Bg5 Rf8 28. Bxd8 Rxd8 29. Be6+ Kh8 30. Qxa5 Qe7 31. Qc7 Qh4 32. Rxd6 Rb8 33. Rc1 Qb4 34. b3 Qa3 35. Rd7 Rxb3+ 36. axb3 Qxb3+ 1/2-1/2

[Event "RA-2017-0-00549"]
[Site "LSS email"]
[Date "2017.11.06"]
[Round "?"]
[White "Leoni, Rodolfo"]
[Black "Usmanoff, Rustam"]
[Result "1-0"]
[WhiteElo "2181"]
[BlackElo "2277"]
[PlyCount "67"]
[EventDate "2017.10.19"]
[EventType "tourn (corr)"]
[EventRounds "6"]
[EventCountry "GER"]
[SourceTitle "Corr 2022"]
[Source "ChessBase"]
[SourceDate "2021.10.24"]
[SourceVersion "1"]
[SourceVersionDate "2021.10.24"]
[SourceQuality "1"]

1. e4 e5 2. Nf3 Nc6 3. Bb5 a6 4. Ba4 Nf6 5. 0-0 b5 6. Bb3 Bb7 7. d3 Be7 8. c4 0-0 9. Nc3 bxc4 10. Bxc4 d6 11. Rb1 Na5 12. Bd5 c6 13. Bxf7+ Rxf7 14. b4 Bc8 15. bxa5 Bg4 16. Ne2 Nd7 17. Qc2 Rc8 18. Be3 Qxa5 19. Ng5 Bxg5 20. Bxg5 h6 21. Be3 c5 22. h3 Be6 23. f4 Rb8 24. Rxb8+ Nxb8 25. Rb1 Nc6 26. f5 Bxa2 27. Rb2 Nb4 28. Qd2 Rb7 29. Ng3 Kf7 30. Qe2 Ke8 31. Qg4 Kd8 32. Kh2 Qa4 33. Nh5 Qd7 34. Bd2 1-0

[Event "RA-2017-0-00546"]
[Site "LSS email"]
[Date "2017.10.25"]
[Round "?"]
[White "Leoni, Rodolfo"]
[Black "Willmann, Bernd"]
[Result "1/2-1/2"]
[WhiteElo "2175"]
[BlackElo "2284"]
[PlyCount "46"]
[EventDate "2017.10.09"]
[EventType "tourn (corr)"]
[EventRounds "6"]
[EventCountry "GER"]
[SourceTitle "Corr 2022"]
[Source "ChessBase"]
[SourceDate "2021.10.24"]
[SourceVersion "1"]
[SourceVersionDate "2021.10.24"]
[SourceQuality "1"]

1. d4 Nf6 2. Nf3 g6 3. e3 Bg7 4. Be2 0-0 5. 0-0 d6 6. c4 c5 7. Nc3 cxd4 8. exd4 d5 9. Bf4 dxc4 10. Bxc4 Bg4 11. d5 Nbd7 12. Re1 Rc8 13. Bb3 Nc5 14. h3 Bf5 15. Ne5 Nfe4 16. Nxe4 Bxe4 17. Rc1 Nxb3 18. Rxc8 Qxc8 19. Rxe4 Nc5 20. Rc4 Bxe5 21. Bxe5 Qf5 22. Bd4 Nd3 23. Rc3 Nf4 1/2-1/2